|
|
|
|
| LEADER |
01005nam a2200265 a 4500 |
| 001 |
12891000 |
| 008 |
100517s2004 maua b 001 0 eng d |
| 999 |
|
|
|c 8629
|d 8629
|
| 010 |
|
|
|a 2002012767
|
| 020 |
|
|
|a 0072462485 (hbk. : alk. paper)
|
| 020 |
|
|
|a 0071214682 (ISE)
|
| 040 |
|
|
|a DNLM/DLC
|c DLC
|d DLC
|d DB-DhAAL
|
| 082 |
0 |
0 |
|a 576.5
|2 21
|
| 245 |
0 |
0 |
|a Genetics :
|b from genes to genomes /
|c Leland Hartwell ... [et al.].
|
| 250 |
|
|
|a 2nd ed.
|
| 260 |
|
|
|a Boston, Mass. :
|b McGraw-Hill Higher Education,
|c c2004.
|
| 300 |
|
|
|a 1 v. (various pagings) :
|b ill. (chiefly col.) ;
|c 29 cm.
|
| 504 |
|
|
|a Includes bibliographical references and index.
|
| 541 |
1 |
|
|e 00016263
|
| 650 |
|
0 |
|a Genetics.
|9 44419
|
| 650 |
1 |
2 |
|a Pharmacy.
|9 44420
|
| 700 |
1 |
|
|a Hartwell, Leland.
|9 44421
|
| 852 |
4 |
|
|a Ayesha Abed Library
|j General Shelf.
|
| 942 |
|
|
|2 ddc
|c BK
|
| 952 |
|
|
|0 0
|1 0
|2 ddc
|4 0
|6 576_500000000000000_GEN_2004
|7 0
|9 10297
|a BRACUL
|b BRACUL
|c GEN
|d 2010-05-18
|l 7
|m 32
|o 576.5 GEN
|p 3010016263
|r 2018-10-21
|s 2018-10-10
|t 1
|w 2010-05-18
|y BK
|